00416cam a2200169 a 4500001000800000005001700008008004100025010001700066020001100083040001800094041000800112080002000120082002000140100000700160101000800167245007100175277396320180206035141.0830705s1981 njua 001 0 eng  a 80084367  c$14.95 aDLCcDLCdDLC aeng a658.403 KEP00a658.403 KEP1 a54 aMAN14aThe new rational manager /cCharles H. Kepner, Benjamin B. Tregoe.